James Joyce's schooldays /

Bibliographic Details
Main Author: Bradley, Bruce
Format: Book
Language:English
Published: New York : St. Martin's Press, 1982.
Subjects:

MARC

Tag First Indicator Second Indicator Subfields
LEADER 00000pam a2200000 a 4500
001 in00000099312
005 20150924160200.0
008 820112s1982 nyua b 00110beng
010 |a  81023341  
020 |a 0312439784 
035 |a (OCoLC)08132896 
035 |9 AAL0189AM 
040 |a DLC  |c DLC  |d TXA  |d UtOrBLW 
049 |a TXAM  |c [986178] 
050 0 0 |a PR6019.O9  |b Z52619 1982 
082 0 |a 823/.912  |2 19 
100 1 |a Bradley, Bruce. 
245 1 0 |a James Joyce's schooldays /  |c Bruce Bradley ; foreword by Richard Ellmann. 
264 1 |a New York :  |b St. Martin's Press,  |c 1982. 
300 |a 179 pages :  |b illustrations ;  |c 24 cm. 
336 |a text  |b txt  |2 rdacontent 
337 |a unmediated  |b n  |2 rdamedia 
338 |a volume  |b nc  |2 rdacarrier 
500 |a Includes index. 
504 |a Bibliography: pages 169-172. 
600 1 0 |a Joyce, James,  |d 1882-1941  |x Childhood and youth. 
650 0 |a Novelists, Irish  |y 20th century  |v Biography  |x Youth. 
999 |a MARS 
999 f f |s da2a735e-5e2a-32fc-ac42-d02675ed8ee6  |i 6028b0c7-f282-3074-b3a9-c0dca074e990  |t 0 
952 f f |p normal  |a Texas A&M University  |b College Station  |c Sterling C. Evans Library  |d Evans: Library Stacks  |t 0  |e PR6019.O9 Z52619 1982  |h Library of Congress classification  |i unmediated -- volume  |m A14806047552 
998 f f |a PR6019.O9 Z52619 1982  |t 0  |l Evans: Library Stacks